000 00195nam a2200109Ia 4500
100 _a#N/A
942 _cBK
654 _aprogram
245 _aHow to program
260 _b#N/A
546 _aENGLISH
999 _c34003
_d34003